Vývoj chromatografických metód na analýzu energetických materiálov

Gespeichert in:
Bibliographische Detailangaben
1. Verfasser: Iľkovičová, Adriána, 1990- (Verfasst von)
Weitere Verfasser: Hrouzková, Svetlana, 1969- (Betreuung Doktorarbeit)
Format: Manuskript Buch
Sprache:Slowakisch
Schlagworte:
Online-Zugang:http://is.stuba.sk/zp/portal_zp.pl?podrobnosti=103374
Tags: Tag hinzufügen
Keine Tags, Fügen Sie das erste Tag hinzu!

MARC

LEADER 00000ntm a22000003a 4500
001 stuzp47052
003 SK-STU
005 20150617230330.9
007 ta
008 150427s2015----xo-----f-mn---000-0-slo-d
040 |a STU  |b slo 
041 0 |a slo 
100 1 |a Iľkovičová, Adriána,  |d 1990-  |u 041180  |4 aut  |U FCHPT Ústav analytickej chémie  |T FCHPT Oddelenie analytickej chémie  |X 68544  |U C1180  |Y 108  |7 A0000068544 
242 0 1 |a Development of Chromatographic Methods for the Analysis of Energetic Materials  |y eng 
245 1 0 |a Vývoj chromatografických metód na analýzu energetických materiálov 
650 4 |a energetické materiály  |2 slo 
650 4 |a mikroextrakcia tuhou fázou v striekačke  |2 slo 
650 4 |a mikro-ECD  |2 slo 
650 4 |a plynová chromatografia  |2 slo 
650 4 |a microextraction by packed sorbent  |2 eng 
650 4 |a energetic materials  |2 eng 
650 4 |a gas chromatography  |2 eng 
650 4 |a micro-ECD  |2 eng 
700 1 |a Hrouzková, Svetlana,  |d 1969-  |4 ths  |X 3892  |7 A000003892 
856 4 |u http://is.stuba.sk/zp/portal_zp.pl?podrobnosti=103374 
SQL |a stuzp47052  |b DDP  |c SLO  |d Vývoj chromatografických metód na analýzu energetických materiálov  |e 68544  |f Iľkovičová, Adriána  |g 041180  |h 3892  |i Hrouzková, Svetlana  |j 20140609  |k 127  |l 04  |m http://is.stuba.sk/zp/portal_zp.pl?podrobnosti=103374